000 00944cam a22002535a 4500
001 L159377
008 161222s2016 xxk f 001 0 eng d
020 _a9781498786164
035 _a(Sirsi) u159377
041 0 _aeng
050 0 4 _a692.5 $2 18
110 2 _aAECOM
245 0 0 _aSpon's mechanical and electrical services price book
_b2017
250 _a48th edition
260 _aLondon
_bCRC Press
_bTaylor and Francis
_c2016
300 _aviiii, 816p.
_c26cm.
520 _aProvides costings for mechanical and electrical services inccluding material costs, measured work prices, labour and daywork rates. Engineering features include Building Information Modelling (BIM), Building Management Systems (BMS), Renewable energy, RICS Ska Rating, Aggregates Levy and VAT.
521 _aAdvanced
590 _aKA
651 4 _aUnited Kingdom
_y
690 _aCost management
_96233
690 _aInfrastructure
_96246
942 _n0
999 _c115847
_d115847